Aquaculture development / (Record no. 1175)

MARC details
000 -LEADER
fixed length control field 00811cam a2200253 a 4500
001 - CONTROL NUMBER
control field 184153
003 - CONTROL NUMBER IDENTIFIER
control field OSt
005 - DATE AND TIME OF LATEST TRANSACTION
control field 20241126135523.0
008 - FIXED-LENGTH DATA ELEMENTS--GENERAL INFORMATION
fixed length control field 981106s1997 it b i000 0 eng d
010 ## - LIBRARY OF CONGRESS CONTROL NUMBER
LC control number 98218938
020 ## - INTERNATIONAL STANDARD BOOK NUMBER
International Standard Book Number 9251039712
035 ## - SYSTEM CONTROL NUMBER
System control number (OCoLC)37153090
040 ## - CATALOGING SOURCE
Original cataloging agency KMU
Transcribing agency KMU
Modifying agency KMU
Language of cataloging eng
Description conventions RDA
050 00 - LIBRARY OF CONGRESS CALL NUMBER
Classification number SH 328
Item number .A674 1997
245 00 - TITLE STATEMENT
Title Aquaculture development /
260 ## - PUBLICATION, DISTRIBUTION, ETC.
Place of publication, distribution, etc. Rome :
Name of publisher, distributor, etc. Food and Agriculture Organization of the United Nations,
Date of publication, distribution, etc. 1996.
300 ## - PHYSICAL DESCRIPTION
Extent v, 40 p. ;
Dimensions 21 cm.
440 #0 - SERIES STATEMENT/ADDED ENTRY--TITLE
Title FAO technical guidelines for responsible fisheries,
International Standard Serial Number 1020-5292 ;
Volume/sequential designation 5
500 ## - GENERAL NOTE
General note "M-44"--T.p. verso.
504 ## - BIBLIOGRAPHY, ETC. NOTE
Bibliography, etc. note Includes bibliographical references (p. 33-40).
650 #0 - SUBJECT ADDED ENTRY--TOPICAL TERM
Topical term or geographic name entry element Aquaculture.
710 2# - ADDED ENTRY--CORPORATE NAME
Corporate name or jurisdiction name as entry element Food and Agriculture Organization of the United Nations.
942 ## - ADDED ENTRY ELEMENTS (KOHA)
Source of classification or shelving scheme Library of Congress Classification
Koha item type Non-Fiction
Suppress in OPAC No
Holdings
Withdrawn status Lost status Source of classification or shelving scheme Damaged status Not for loan Collection Home library Current library Shelving location Date acquired Source of acquisition Total Checkouts Full call number Barcode Date last seen Price effective from Koha item type
    Library of Congress Classification     Non-fiction Kapasa Makasa University Kapasa Makasa University Open Access 08.05.2024 CBU   SH 135 Foo 734493 08.05.2024 08.05.2024 Non-Fiction